00659cam a22002051 450000100060000000300080000600500170001400800390003103500190007004000320008904100080012108200200012910000170014924500590016626000830022530000260030850400500033465000440038465000250042820464BD-RjUL20211209000552.0140301r19661965enk b 001 0 eng a(BD-RjUL)20526 aDLCcDLCdDLCdBD-RjULbeng aeng00a820.9bDYC 19661 aDyson, A. E.14aThe crazy fabric :bessays in irony /cby A. E. Dyson. aLondon ;bMacmillan ;aNew York :bSt. Martin's Press,c1965 [reprinted 1966]. axiv, 233 p. ;c23 cm. aincludes Bibliographical reference and index. 0aSatire, EnglishxHistory and criticism. 0aIrony in literature.